mysqli: Table './ulib62015/stat_globaluid' is marked as crashed and should be repaired
select id from stat_globaluid where statuid='20260517125431_4325'
mysqli: Table './ulib62015/stat_globaluid' is marked as crashed and should be repaired
DELETE FROM stat_globaluid
WHERE id NOT IN (
SELECT id
FROM (
SELECT id
FROM stat_globaluid
ORDER BY id DESC
LIMIT 100
) foo
);
mysqli: Table './ulib62015/stat_globaluid' is marked as crashed and should be repaired
insert into stat_globaluid set
statuid='20260517125431_4325',
dt='1778997271',
phpself='/ULIB62015/dublinfull.php',
agent='Mozilla/5.0 AppleWebKit/537.36 (KHTML, like Gecko; compatible; ClaudeBot/1.0; +claudebot@anthropic.com)',
yea='2026',
mon='5',
dat='17',
ip='216.73.216.45'
mysqli: Table './ulib62015/stathist_viewbib_bib_type' is marked as crashed and should be repaired
insert into stathist_viewbib_bib_type set
dat='17' ,
mon='05' ,
yea='2026' ,
statuid='20260517125431_4325' ,
head='13399121581' ,
foot='marc' ,
dt='1778997271'
| LEADER : 00000nam 2200000uu 4500 |
| 001 13399121581 |
| 003 ULIB |
| 008 160726s||||||||th 000 0 tha d |
| 020 ^a9781438072784 (pbk. with audio CD's)
|
| 050 4 ^aPE1128^bL887b 2013
|
| 100 1 ^aLougheed, Lin
|
| 245 10 ^aBarron's IELTS :^binternational English Language Testing System /^cLin Lougheed
|
| 246 30 ^aIELTS :^bInternational English Language Testing System
|
| 246 30 ^aInternational English Language Testing System
|
| 246 30 ^aIELTS
|
| 250 ^a3rd ed.
|
| 260 ^aHauppauge, New York :^bBarron's Educational Series,^cc2013.
|
| 300 ^av, 465 p. :^bill. ;^c28 cm. +^e2 audio discs (digital ; 4 3/4 in.)
|
| 650 0 ^aInternational English Language Testing System^vStudy guides
|
| 650 0 ^aEnglish language^vTextbooks for foreign speakers
|
| 650 0 ^aEnglish language^xExaminations^vStudy guides
|
| 710 0 ^aBarron's Educational Series, Inc.
|
| 945 ^p700^l0^i023716
|
| 945 ^p0^l0^i023717
|
| 945 ^p0^l0^i023718
|
| 945 ^p0^l0^i023719
|
| 945 ^p0^l0^i023720 |
| 999 ^a57066; Arisssara
|
| คุณยังไม่ได้ล็อกอิน คุณสามารถมีกิจกรรมร่วมกับเว็บไซต์ได้ แต่ต้องล็อกอินก่อน :: |
|
|
|
| ลำดับที่ |
ประเภท |
เลขเรียก/บาร์โค้ด |
สถานที่ |
สถานะ |
| 1. |
 หนังสือ | PE1128 L887b 2013 c.1 Barcode: 023716 | หนังสือทั่วไป | บนชั้น ขอยืม |
| Note:งบประมาณ2559 |
| 2. |
 หนังสือ | PE1128 L887b 2013 c.2 Barcode: 023717 | หนังสือทั่วไป | บนชั้น ขอยืม |
| Note:งบประมาณ2559 |
| 3. |
 หนังสือ | PE1128 L887b 2013 c.3 Barcode: 023718 | หนังสือทั่วไป | บนชั้น ขอยืม |
| Note:งบประมาณ2559 |
| 4. |
 หนังสือ | PE1128 L887b 2013 c.4 Barcode: 023719 | หนังสือทั่วไป | บนชั้น ขอยืม |
| Note:งบประมาณ2559 |
| 5. |
 หนังสือ | PE1128 L887b 2013 c.5 Barcode: 023720 | หนังสือทั่วไป | บนชั้น ขอยืม |
| Note:งบประมาณ2559 |
รายการใกล้เคียง
ผู้แต่ง [Lougheed, Lin]
|
|
ยังไม่เคยถูกคอมเมนท์
|
| คอมเมนท์ทรัพยากรรายการนี้ |
|